000 00588nam a22001817a 4500
008 130821s1943 ck gr spa
040 _aCo-BoUCM
_bspa
041 0 0 _aspa
092 _aFM 000594
100 _aCarvajal, Manuel Antonio
_d1886-1942
_9148533
245 0 0 _aProsa
_cManuel Antonio Carvajal
260 _aCali (Valle, Colombia)
_bCarvajal
_c1943
300 _a385 páginas
500 _aIncluye índice. -- Este libro se encuentra en el depósito de la biblioteca
650 0 4 _aLiteratura colombiana
_918629
650 0 4 _aProsa colombiana
_922605
942 _cLIBRO
_a27
_e1
_n0
999 _c84488
_d84488